| 000 | 00584nam a22002057a 4500 | ||
|---|---|---|---|
| 942 | _cBK | ||
| 999 |
_c758 _d758 |
||
| 005 | 20250420134823.0 | ||
| 008 | 211115b ||||| |||| 00| 0 eng d | ||
| 020 | _a9781292152974 | ||
| 040 | _cKCST | ||
| 082 |
_a629.8312 _bDo Mo |
||
| 100 |
_a Dorf, Richard C. _94783 |
||
| 245 |
_aModern control systems / _cRichard C Dorf; Robert H Bishop |
||
| 250 |
_a13 _bGlobal edition |
||
| 260 |
_aHarlow, England : _bPearson, _c[2017] |
||
| 300 |
_a1025 pages : _c24 cm. |
||
| 650 |
_aFeedback control systems. _95546 |
||
| 700 |
_aBishop, Robert H _95547 |
||
| 942 | _2ddc | ||